Siege of Sebastopol. (Record no. 552099)

000 -LEADER
fixed length control field 01212cam a22002051 4500
082 ## - DEWEY DECIMAL CLASSIFICATION NUMBER
Classification number 355.00941
Author Mark ACC
110 1# - MAIN ENTRY--CORPORATE NAME
Corporate name or jurisdiction name as entry element Great Britain.
9 (RLIN) 39715
245 00 - TITLE STATEMENT
Title Siege of Sebastopol.
Remainder of title an account of the artillery operations
260 ## - PUBLICATION, DISTRIBUTION, ETC.
Place of publication, distribution, etc. London,
Date of publication, distribution, etc. 1859.
300 ## - PHYSICAL DESCRIPTION
Extent 3 v.
Dimensions 29 x 22 cm. and atlas.
500 ## - GENERAL NOTE
General note Pt. 3 was compiled under the direction of Sir Richard Dacres.
500 ## - GENERAL NOTE
General note Series title for v. 1-2 appears as an added t.-p., engr.
505 0# - FORMATTED CONTENTS NOTE
Formatted contents note pt. I-II. Journal of the operations conducted by the Corps of royal engineers. Published by order of the secretary of state for war: I. From the invasion of the Crimea to the close of the winter campaign 1854-55, by H. C. Elphinstone. II. From Febr. 1855, to the fall of Sebastopol, September 1855, by Sir Harry D. Jones.--[pt.III] An account of the artillery operations conducted by the Royal artillery and Royal naval brigade before Sebastopol in 1854 and 1855. Compiled by W.E.M. Reilly.
526 ## - STUDY PROGRAM INFORMATION NOTE
Program name 0
Interest level 0
Reading level 0
Title point value 355_009410000000000_ACC
700 1# - ADDED ENTRY--PERSONAL NAME
Personal name Dacres, Richard James,
9 (RLIN) 49317
700 1# - ADDED ENTRY--PERSONAL NAME
Personal name Elphinstone, Howard Crawford,
9 (RLIN) 49318
700 1# - ADDED ENTRY--PERSONAL NAME
Personal name Jones, Harry David,
9 (RLIN) 49319
700 1# - ADDED ENTRY--PERSONAL NAME
Personal name Reilly, William Edward Moyses,
9 (RLIN) 49320
942 ## - ADDED ENTRY ELEMENTS (KOHA)
Source of classification or shelving scheme
Koha item type Book
Holdings
Withdrawn status Lost status Source of classification or shelving scheme Damaged status Not for loan Permanent Location Current Location Shelving location Date acquired Total Checkouts Full call number Barcode Date last seen Price effective from Koha item type
          Military College of Engineering (MCE) Military College of Engineering (MCE)   01/07/2015   355.00941 ACC MCE-ECA/24 01/07/2015 01/07/2015 Book
© 2023 Central Library, National University of Sciences and Technology. All Rights Reserved.